<?xml version="1.0" encoding="UTF-8"?>
<record
    xmlns:xsi="http://www.w3.org/2001/XMLSchema-instance"
    xsi:schemaLocation="http://www.loc.gov/MARC21/slim http://www.loc.gov/standards/marcxml/schema/MARC21slim.xsd"
    xmlns="http://www.loc.gov/MARC21/slim">

  <leader>01219nam a22002417a 4500</leader>
  <datafield tag="999" ind1=" " ind2=" ">
    <subfield code="c">28969</subfield>
    <subfield code="d">28969</subfield>
  </datafield>
  <controlfield tag="003">OSt</controlfield>
  <controlfield tag="005">20260515115532.0</controlfield>
  <controlfield tag="008">260515b           ||||| |||| 00| 0 eng d</controlfield>
  <datafield tag="020" ind1=" " ind2=" ">
    <subfield code="a"> 9789536090594</subfield>
  </datafield>
  <datafield tag="040" ind1=" " ind2=" ">
    <subfield code="a">BSHUA</subfield>
    <subfield code="b">Shqip</subfield>
  </datafield>
  <datafield tag="050" ind1=" " ind2=" ">
    <subfield code="b">78.03(496.51)/Per.</subfield>
  </datafield>
  <datafield tag="082" ind1=" " ind2=" ">
    <subfield code="b">78.03(496.51)/Per.</subfield>
  </datafield>
  <datafield tag="100" ind1=" " ind2=" ">
    <subfield code="a">Perkola, (Palokaj) Kristina</subfield>
  </datafield>
  <datafield tag="245" ind1=" " ind2=" ">
    <subfield code="a">The outlines of a social history of music in Kosovo 1945 to 2020</subfield>
  </datafield>
  <datafield tag="260" ind1=" " ind2=" ">
    <subfield code="a">Zagreb:</subfield>
    <subfield code="b">Hrvatsko muzikolo&#x161;ko dru&#x161;tvo &#x2013; Croatian Musicological Society,</subfield>
    <subfield code="c">2025.</subfield>
  </datafield>
  <datafield tag="300" ind1=" " ind2=" ">
    <subfield code="a">398 f.;</subfield>
    <subfield code="c">24 cm.</subfield>
  </datafield>
  <datafield tag="490" ind1=" " ind2=" ">
    <subfield code="a">Muzikologija Bez Granica </subfield>
    <subfield code="v">Br.5</subfield>
  </datafield>
  <datafield tag="500" ind1=" " ind2=" ">
    <subfield code="a">Urednik - editor : Stanislav Tuksar
Recenzenti - Reviewers - Shane McMahon , Mikaela Minga</subfield>
  </datafield>
  <datafield tag="653" ind1=" " ind2=" ">
    <subfield code="a">Muzika shqiptare  - Muzika ne Kosove - Muzikologjia - Historia shoq&#xEB;rore e muzik&#xEB;s n&#xEB; Kosov&#xEB; - Praktikat tradicionale folklorike - </subfield>
    <subfield code="a">Zhanret moderne popullore - Shoqerite artistike kulturore - Shoqeria "Perparimi" ne Peje - Shoqeria "Agimi" ne Prizren -</subfield>
    <subfield code="a">Edukimi muzikor - Zhvillimet - Orkestra simfonike - Kori - Filarmonia e Kosoves - Festivalet muzikore - Kompozimet - </subfield>
    <subfield code="a">Etnomuzikologjia dhe Muzikologjia ne Kosove - </subfield>
    <subfield code="a">Gjuha angleze </subfield>
  </datafield>
  <datafield tag="856" ind1=" " ind2=" ">
    <subfield code="y">Fulltext</subfield>
  </datafield>
  <datafield tag="942" ind1=" " ind2=" ">
    <subfield code="2">udc</subfield>
    <subfield code="c">BK</subfield>
  </datafield>
  <datafield tag="953" ind1=" " ind2=" ">
    <subfield code="a">0</subfield>
  </datafield>
  <datafield tag="952" ind1=" " ind2=" ">
    <subfield code="0">0</subfield>
    <subfield code="1">0</subfield>
    <subfield code="2">udc</subfield>
    <subfield code="4">0</subfield>
    <subfield code="7">0</subfield>
    <subfield code="a">UArtLib2</subfield>
    <subfield code="b">UArtLib2</subfield>
    <subfield code="c">GEN</subfield>
    <subfield code="d">2026-05-15</subfield>
    <subfield code="g">4000.00</subfield>
    <subfield code="o">78.03(496.51)/Per.</subfield>
    <subfield code="p">68717</subfield>
    <subfield code="r">2026-05-15</subfield>
    <subfield code="w">2026-05-15</subfield>
    <subfield code="y">BK</subfield>
  </datafield>
  <datafield tag="952" ind1=" " ind2=" ">
    <subfield code="0">0</subfield>
    <subfield code="1">0</subfield>
    <subfield code="2">udc</subfield>
    <subfield code="4">0</subfield>
    <subfield code="7">0</subfield>
    <subfield code="a">UArtLib2</subfield>
    <subfield code="b">UArtLib2</subfield>
    <subfield code="c">GEN</subfield>
    <subfield code="d">2026-05-15</subfield>
    <subfield code="g">4000.00</subfield>
    <subfield code="o">78.03(496.51)/Per.</subfield>
    <subfield code="p">68718</subfield>
    <subfield code="r">2026-05-15</subfield>
    <subfield code="w">2026-05-15</subfield>
    <subfield code="y">BK</subfield>
  </datafield>
</record>
